IMDb's 100 Greatest Actors - Statistics

General Stats
  • This quiz has been taken 736 times
  • The average score is 53 of 100
Answer Stats
Answer % Correct
75 Brad Pitt
89%
4 Al Pacino
88%
3 Robert De Niro
88%
28 Leonardo DiCaprio
87%
2 Marlon Brando
87%
7 Tom Hanks
81%
1 Jack Nicholson
80%
19 Morgan Freeman
77%
10 Denzel Washington
76%
92 Samuel L Jackson
76%
76 Tom Cruise
76%
77 Matt Damon
75%
5 Daniel Day-Lewis
74%
82 Harrison Ford
73%
72 Christian Bale
71%
66 Johnny Depp
69%
8 Anthony Hopkins
68%
23 Clint Eastwood
67%
6 Dustin Hoffman
67%
79 Robert Downey Jr
66%
16 Robin Williams
66%
98 Will Smith
66%
25 Charlie Chaplin
64%
27 Philip Seymour Hoffman
64%
15 James Stewart
63%
68 Jamie Foxx
62%
29 Russell Crowe
61%
69 Joaquin Phoenix
59%
48 Kirk Douglas
59%
57 Michael Douglas
59%
18 Sean Penn
59%
42 Henry Fonda
58%
14 Michael Caine
58%
43 Cary Grant
57%
34 Gary Cooper
57%
73 Gary Oldman
57%
24 Gene Hackman
57%
30 Kevin Spacey
57%
9 Paul Newman
57%
74 Edward Norton
56%
63 Heath Ledger
56%
31 Humphrey Bogart
56%
93 Jim Carrey
56%
80 Liam Neeson
56%
86 Robert Redford
56%
51 Tommy Lee Jones
56%
100 Buster Keaton
55%
55 Joe Pesci
55%
71 Matthew McConaughey
55%
17 Robert Duvall
54%
52 Sean Connery
53%
13 Jack Lemmon
52%
12 Laurence Olivier
52%
22 Peter O'Toole
52%
20 Jeff Bridges
51%
81 Mel Gibson
51%
78 Hugh Jackman
50%
87 James Dean
50%
62 Javier Bardem
50%
47 John Wayne
50%
32 Gregory Peck
49%
65 Ralph Fiennes
49%
21 Sidney Poitier
48%
70 Colin Firth
46%
26 Ben Kingsley
45%
33 Clark Gable
45%
49 Alec Guinness
44%
56 Ian McKellen
44%
44 Richard Burton
44%
54 Christopher Walken
43%
11 Spencer Tracy
43%
95 Martin Sheen
42%
84 Steve McQueen
41%
91 Bill Murray
40%
88 Charlton Heston
40%
96 Alan Rickman
39%
67 Benicio Del Toro
39%
89 Gene Kelly
39%
35 George C Scott
39%
58 Jon Voight
38%
85 Orson Welles
38%
83 Woody Allen
37%
61 Jeremy Irons
36%
50 Christopher Plummer
35%
60 Geoffrey Rush
35%
39 Peter Sellers
35%
45 Burt Lancaster
34%
40 James Cagney
34%
46 William Holden
34%
41 Peter Finch
32%
53 Alan Arkin
31%
38 Anthony Quinn
30%
94 Don Cheadle
30%
99 John Goodman
30%
37 Charles Laughton
29%
90 Robert Mitchum
29%
97 Edward G Robinson
26%
36 Jason Robards
23%
64 Christopher Waltz
20%
59 Albert Finney
15%
No matching quizzes found
Score Distribution
Percent of People with Each Score
Percentile by Number Answered
Your Score History
You have not taken this quiz